Microprocessors and Interfacing (Record no. 3717)
[ view plain ]
| 000 -LEADER | |
|---|---|
| fixed length control field | 00369nam a2200157Ia 4500 |
| 008 - FIXED-LENGTH DATA ELEMENTS--GENERAL INFORMATION | |
| fixed length control field | 191201s2006 xx 000 0 und d |
| 020 ## - INTERNATIONAL STANDARD BOOK NUMBER | |
| International Standard Book Number | 9780070601673 |
| 082 ## - DEWEY DECIMAL CLASSIFICATION NUMBER | |
| Classification number | 005.26 |
| Item number | HAM |
| 100 ## - MAIN ENTRY--PERSONAL NAME | |
| Personal name | Hall, Douglas V |
| 245 #0 - TITLE STATEMENT | |
| Title | Microprocessors and Interfacing |
| 250 ## - EDITION STATEMENT | |
| Edition statement | Rep. |
| 260 ## - PUBLICATION, DISTRIBUTION, ETC. (IMPRINT) | |
| Place of publication, distribution, etc | N.Delhi |
| Name of publisher, distributor, etc | TMH |
| Date of publication, distribution, etc | 2006 |
| 300 ## - PHYSICAL DESCRIPTION | |
| Extent | Misc. |
| 650 ## - SUBJECT ADDED ENTRY--TOPICAL TERM | |
| Topical term or geographic name as entry element | MCA |
| 942 ## - ADDED ENTRY ELEMENTS (KOHA) | |
| Source of classification or shelving scheme | Dewey Decimal Classification |
| Koha item type | Text Books |
| 942 ## - ADDED ENTRY ELEMENTS (KOHA) | |
| -- | 8 |
| Withdrawn status | Lost status | Source of classification or shelving scheme | Damaged status | Not for loan | Collection code | Home library | Current library | Date acquired | Source of acquisition | Cost, normal purchase price | Bill Number | Total Checkouts | Full call number | Acc. no. / Barcode | Date last seen | Date last borrowed | Bill Date | Koha item type |
|---|---|---|---|---|---|---|---|---|---|---|---|---|---|---|---|---|---|---|
| Dewey Decimal Classification | MCA | PIET C-LIBRARY | PIET C-LIBRARY | 27/12/2008 | J B C, New Delhi | 495.00 | SI-4768 | 2 | 005.26 HAM | 10871 | 13/09/2022 | 29/08/2022 | 20/12/2008 | Text Books | ||||
| Dewey Decimal Classification | MCA | PIET C-LIBRARY | PIET C-LIBRARY | 27/12/2008 | J B C, New Delhi | 495.00 | SI-4768 | 1 | 005.26 HAM | 10872 | 10/03/2022 | 11/10/2021 | 20/12/2008 | Text Books | ||||
| Dewey Decimal Classification | Computer Science & Engineering in Cyber Security | PIET C-LIBRARY | PIET C-LIBRARY | 27/12/2008 | J B C, New Delhi | 495.00 | SI-4768 | 005.26 HAM | 10873 | 04/12/2019 | 20/12/2008 | Text Books | ||||||
| Dewey Decimal Classification | Computer Science & Engineering in Cyber Security | PIET C-LIBRARY | PIET C-LIBRARY | 27/12/2008 | J B C, New Delhi | 495.00 | SI-4768 | 005.26 HAM | 10874 | 04/12/2019 | 20/12/2008 | Text Books | ||||||
| Dewey Decimal Classification | Computer Science & Engineering in Cyber Security | PIET C-LIBRARY | PIET C-LIBRARY | 27/12/2008 | J B C, New Delhi | 495.00 | SI-4768 | 1 | 005.26 HAM | 10875 | 21/09/2022 | 06/09/2022 | 20/12/2008 | Text Books | ||||
| Dewey Decimal Classification | B.Tech(ECE) | PIET C-LIBRARY | PIET C-LIBRARY | 27/07/2009 | J B C, New Delhi | 395.00 | SI-611 | 005.26 HAM | 13101 | 04/12/2019 | 20/07/2009 | Text Books | ||||||
| Dewey Decimal Classification | B.Tech(ECE) | PIET C-LIBRARY | PIET C-LIBRARY | 27/07/2009 | J B C, New Delhi | 395.00 | SI-611 | 1 | 005.26 HAM | 13102 | 03/12/2025 | 21/11/2025 | 20/07/2009 | Text Books | ||||
| Dewey Decimal Classification | B.Tech(ECE) | PIET C-LIBRARY | PIET C-LIBRARY | 27/07/2009 | J B C, New Delhi | 395.00 | SI-611 | 2 | 005.26 HAM | 13103 | 02/03/2022 | 22/12/2021 | 20/07/2009 | Text Books | ||||
| Dewey Decimal Classification | B.Tech(ECE) | PIET C-LIBRARY | PIET C-LIBRARY | 27/07/2009 | J B C, New Delhi | 395.00 | SI-611 | 4 | 005.26 HAM | 13104 | 04/06/2026 | 28/05/2026 | 20/07/2009 | Text Books | ||||
| Dewey Decimal Classification | B.Tech(ECE) | PIET C-LIBRARY | PIET C-LIBRARY | 27/07/2009 | J B C, New Delhi | 395.00 | SI-611 | 1 | 005.26 HAM | 13105 | 09/10/2023 | 28/09/2023 | 20/07/2009 | Text Books |